Stanovy Slovenskej numizmatickej spoločnosti

Bibliographic Details
Corporate Author: Slovenská numizmatická spoločnosť (Author)
Format: Book
Language:Slovak
PhysicalDescription:36 s. 11 x 8 cm
Published: Bratislava Slovenská numizmatická spoločnosť [1993]
Subjects:

MARC

LEADER 00000nam a2200000 a 4500
001 vtls001486622
003 SK-MaSNL
005 20260301074151.0
008 041206s1993 xo 0 slo
015 |a SNBI2005/01-00113 
035 |a SNK000441914 
040 |a SNK  |b slo  |c SNK  |e AACR2 
072 7 |a 06  |x Organizácie a iné typy kooperácie  |2 konspekt 
072 7 |a 79  |x Voľný čas  |2 konspekt 
072 7 |a 336.7  |x Financie  |2 konspekt 
080 |a 336.746:7.074  |x (437.6)  |x (06)  |2 snkbusd 
080 |a 7.074:336.746  |2 1981 
080 |a (062.13)  |2 1981 
110 2 |a Slovenská numizmatická spoločnosť  |4 aut  |9 30388 
245 1 0 |a Stanovy Slovenskej numizmatickej spoločnosti 
260 |a Bratislava  |b Slovenská numizmatická spoločnosť  |c [1993] 
300 |a 36 s.  |c 11 x 8 cm 
610 2 7 |a Slovenská numizmatická spoločnosť  |2 SNK  |9 30388 
650 0 7 |a numizmatika  |2 SNK  |9 2900 
655 7 |a stanovy  |2 SNK  |9 70547 
999 |c 646409  |d 648339 
952 |t P60, <03>, [BOOK], {603}, -K-  |a SNK  |b SNK  |y PREZ  |7 0  |p 17A0453484  |o snkOSE 4213  |i snkK 1425/2004  |8 3  |g 0.17  |0 0  |1 0  |4 0  |d 2004-12-06  |l 0  |r 2005-01-02 00:00:00  |w 2026-02-23